Giáo trình Microsoft Access 2000 T.1

Сохранить в:
Библиографические подробности
Главный автор: Nguyễn, Thiện Tâm
Формат:
Опубликовано: Tp.Hồ Chí Minh Đại học Quốc gia Tp. HCM 2000
Предметы:
Метки: Добавить метку
Нет меток, Требуется 1-ая метка записи!
Thư viện lưu trữ: Trung tâm Học liệu Lê Vũ Hùng, Trường Đại học Đồng Tháp
LEADER 00962pam a22002658a 4500
001 00022424
005 20171026081023.0
008 110530s2000 ||||||Viesd
020 |c 18000 
041 0 # |a Vie 
082 1 # |a 005.5  |b GI108TR 
100 1 # |a Nguyễn, Thiện Tâm 
245 1 0 |a Giáo trình Microsoft Access 2000  |c Nguyễn Thiện Tâm  |n T.1 
260 # # |a Tp.Hồ Chí Minh  |b Đại học Quốc gia Tp. HCM  |c 2000 
300 # # |a 175tr.  |c 21 cm. 
500 # # |a ĐTTS ghi: Trung tâm tin học, Trường Đại học Khoa học tự nhiên TP. Hồ Chí Minh 
653 # # |a Access 
653 # # |a Phần mềm 
653 # # |a Ứng dụng 
852 # # |b Kho giáo trình  |j KGT.0035897 
852 # # |b Kho mượn  |j KGT.0035897 
852 # # |b Kho đọc  |j KD.0007804 
852 # # |j KD.0007804  |j KGT.0035897 
910 # # |a Ntuyet  |d 30/05/2011 
980 # # |a Trung tâm Học liệu Lê Vũ Hùng, Trường Đại học Đồng Tháp